[Event "Windsor NAYCC U12"]
[Site "Windsor"]
[Date "2016.08.11"]
[Round "8.104"]
[White "Li, Jack"]
[Black "Jeyakumar, Bhavatharshan"]
[Result "1/2-1/2"]
[WhiteElo "1511"]
[BlackElo "1390"]
[PlyCount "69"]
[EventDate "2016.08.07"]
[EventType "swiss"]
[EventRounds "9"]
[EventCountry "CAN"]
[SourceTitle "EXT 2022"]
[Source "ChessBase"]
[SourceDate "2021.10.06"]
[SourceVersion "1"]
[SourceVersionDate "2021.10.06"]
[SourceQuality "1"]

1. e4 c5 2. c3 d5 3. exd5 Qxd5 4. d4 Nc6 5. Nf3 Bg4 6. Be2 e6 7. h3 Bh5 8. 0-0 Nf6 9. Be3 cxd4 10. Nxd4 Bxe2 11. Qxe2 Nxd4 12. Bxd4 Be7 13. Nd2 0-0 14. Nf3 h6 15. Rfd1 Qc6 16. Be3 Nd5 17. Rd2 Nxe3 18. Qxe3 Bc5 19. Qe2 Rad8 20. Rad1 Qb6 21. Ne5 Rxd2 22. Rxd2 Rd8 23. Nd7 Qc7 24. Nxc5 Rxd2 25. Qxd2 Qxc5 26. Qd8+ Kh7 27. Qd7 Qb6 28. Qxf7 Qxb2 29. Qxe6 Qxc3 30. Qe4+ Kh8 31. Qxb7 Qe1+ 32. Kh2 Qxf2 33. Qb8+ Kh7 34. a4 Qc5 35. Qb1+ 1/2-1/2

[Event "Canadian op U2000"]
[Site "Windsor"]
[Date "2016.07.16"]
[Round "8.37"]
[White "Glew, Richard"]
[Black "Li, Jack"]
[Result "1-0"]
[WhiteElo "1722"]
[BlackElo "1629"]
[PlyCount "73"]
[EventDate "2016.07.10"]
[EventType "swiss"]
[EventRounds "9"]
[EventCountry "CAN"]
[SourceTitle "EXT 2022"]
[Source "ChessBase"]
[SourceDate "2021.10.06"]
[SourceVersion "1"]
[SourceVersionDate "2021.10.06"]
[SourceQuality "1"]

1. e4 c5 2. Nf3 Nc6 3. d4 cxd4 4. Nxd4 Qb6 5. Nxc6 bxc6 6. c4 e6 7. Bd3 Bc5 8. 0-0 Ne7 9. Nc3 Bd4 10. Qc2 0-0 11. Bf4 Ng6 12. Na4 Qb7 13. Bd6 Re8 14. Rad1 Be5 15. Bc5 d6 16. Be3 Qc7 17. f4 Bf6 18. Nc3 Bb7 19. Ne2 a6 20. Ng3 Rac8 21. Nh5 Qd8 22. e5 Be7 23. exd6 Bxd6 24. c5 Bxf4 25. Nxf4 Qh4 26. Nxg6 hxg6 27. Qf2 Qxf2+ 28. Bxf2 e5 29. Bc4 Re7 30. Bg3 e4 31. Bd6 Rd7 32. Rde1 Re8 33. Rf4 Bc8 34. Rfxe4 Rxe4 35. Rxe4 Kh8 36. Re8+ Kh7 37. Rxc8 1-0

[Event "Canadian op U2000"]
[Site "Windsor"]
[Date "2016.07.13"]
[Round "4.39"]
[White "Li, Jack"]
[Black "Faust, Steven"]
[Result "1-0"]
[WhiteElo "1629"]
[BlackElo "1613"]
[PlyCount "135"]
[EventDate "2016.07.10"]
[EventType "swiss"]
[EventRounds "9"]
[EventCountry "CAN"]
[SourceTitle "EXT 2022"]
[Source "ChessBase"]
[SourceDate "2021.10.06"]
[SourceVersion "1"]
[SourceVersionDate "2021.10.06"]
[SourceQuality "1"]

1. e4 e6 2. d4 d5 3. Nd2 dxe4 4. Nxe4 Bd7 5. c3 Bc6 6. Ng3 Nd7 7. Nf3 Ngf6 8. Bd3 Be7 9. 0-0 0-0 10. Bg5 Nd5 11. Bxe7 Qxe7 12. Re1 Qf6 13. Qc2 g6 14. b4 Nf4 15. Be4 Bxe4 16. Rxe4 Nd5 17. Qd2 Qg7 18. h4 N7f6 19. Re5 h6 20. h5 Nb6 21. Qe2 Nbd7 22. Re3 Nd5 23. Ne5 Nxe5 24. Rxe5 Nxc3 25. Qd3 Nd5 26. hxg6 fxg6 27. Qc4 c6 28. Rae1 Rae8 29. b5 Qf7 30. f3 cxb5 31. Qxb5 a6 32. Qb3 b5 33. Ne4 Rd8 34. Nc5 Nc7 35. Nxe6 Nxe6 36. Rxe6 Kh8 37. Rxa6 Qxb3 38. axb3 Kg7 39. Ree6 Kf7 40. Rxg6 Rh8 41. Rgf6+ Kg7 42. Rg6+ Kf7 43. Rgb6 Rhe8 44. Ra7+ Re7 45. Rxe7+ Kxe7 46. Rxb5 Rxd4 47. Rh5 Rd6 48. g4 Kf7 49. b4 Kg6 50. b5 Rd3 51. Kg2 Rb3 52. Rf5 Rb2+ 53. Kg3 Rb3 54. Kf4 Rb4+ 55. Ke3 Rb1 56. Kd4 Rd1+ 57. Kc5 Rc1+ 58. Kb6 Rc3 59. Ka7 Ra3+ 60. Kb7 Rb3 61. b6 Rc3 62. Kb8 Rb3 63. b7 Ra3 64. Kc7 Rc3+ 65. Kb6 Rb3+ 66. Rb5 Rxf3 67. b8Q h5 68. Qg8+ 1-0

[Event "Canadian op U2000"]
[Site "Windsor"]
[Date "2016.07.10"]
[Round "1.41"]
[White "Einarsson, Ken"]
[Black "Li, Jack"]
[Result "1/2-1/2"]
[WhiteElo "1780"]
[BlackElo "1629"]
[PlyCount "95"]
[EventDate "2016.07.10"]
[EventType "swiss"]
[EventRounds "9"]
[EventCountry "CAN"]
[SourceTitle "EXT 2022"]
[Source "ChessBase"]
[SourceDate "2021.10.06"]
[SourceVersion "1"]
[SourceVersionDate "2021.10.06"]
[SourceQuality "1"]

1. d4 d5 2. c4 c6 3. Nc3 Nf6 4. e3 e6 5. Nf3 Nbd7 6. Qc2 Be7 7. cxd5 exd5 8. Bd3 0-0 9. 0-0 a6 10. h3 b5 11. e4 dxe4 12. Nxe4 Bb7 13. a3 Nxe4 14. Bxe4 Nf6 15. Be3 Nxe4 16. Qxe4 Bf6 17. Qg4 Qc8 18. Qxc8 Raxc8 19. b4 Rfd8 20. Rac1 a5 21. Rfd1 axb4 22. axb4 Be7 23. Bd2 Bf6 24. Bc3 Re8 25. Re1 h6 26. Nd2 Rcd8 27. Nb3 Kf8 28. Kf1 Rxe1+ 29. Kxe1 Re8+ 30. Kf1 Bc8 31. Re1 Rxe1+ 32. Kxe1 Ke7 33. Nc5 Bf5 34. f3 Bh4+ 35. Ke2 Kd6 36. g4 Bb1 37. Ne4+ Kd5 38. Nd2 Bh7 39. Ke3 g5 40. Ne4 Bxe4 41. fxe4+ Kc4 42. Kd2 Bf2 43. d5 cxd5 44. exd5 Kxd5 45. Bg7 Kc4 46. Bxh6 f6 47. Bf8 Bd4 48. Be7 1/2-1/2

[Event "CAN-ch U12"]
[Site "Windsor"]
[Date "2015.07.06"]
[Round "1.70"]
[White "Xing, Kun"]
[Black "Li, Jack"]
[Result "0-1"]
[WhiteElo "724"]
[BlackElo "1526"]
[PlyCount "68"]
[EventDate "2015.07.06"]
[EventType "swiss"]
[EventRounds "7"]
[EventCountry "CAN"]
[SourceTitle "EXT 2022"]
[Source "ChessBase"]
[SourceDate "2021.10.06"]
[SourceVersion "1"]
[SourceVersionDate "2021.10.06"]
[SourceQuality "1"]

1. e4 c5 2. Bc4 Nc6 3. Nc3 e6 4. Nf3 Nge7 5. 0-0 g6 6. d3 Bg7 7. Bd2 0-0 8. a3 b6 9. Re1 Bb7 10. h3 Re8 11. Qe2 d5 12. Bb3 Qd7 13. Rab1 Na5 14. e5 Nxb3 15. cxb3 Nc6 16. a4 a6 17. Bf4 Na5 18. d4 Nxb3 19. dxc5 bxc5 20. Qc2 c4 21. Rbd1 Rad8 22. Nd4 Nxd4 23. Rxd4 Qc6 24. b4 Qb6 25. Bg5 Qxd4 26. Bxd8 Rxd8 27. a5 Bxe5 28. Ne2 Qd3 29. Qc1 d4 30. f3 Qe3+ 31. Kf1 Qxc1 32. Rxc1 d3 33. Nc3 Bxc3 34. Rxc3 d2 0-1

[Event "CAN-ch U08"]
[Site "Vancouver"]
[Date "2012.07.06"]
[Round "7"]
[White "Zheng, Victor"]
[Black "Li, Jack"]
[Result "1-0"]
[WhiteElo "846"]
[BlackElo "698"]
[PlyCount "49"]
[EventDate "2012.07.03"]
[EventType "swiss"]
[EventRounds "7"]
[EventCountry "CAN"]
[SourceTitle "EXT 2022"]
[Source "ChessBase"]
[SourceDate "2021.10.06"]
[SourceVersion "1"]
[SourceVersionDate "2021.10.06"]
[SourceQuality "1"]

1. e4 e5 2. Nf3 Nc6 3. Bc4 Bc5 4. d3 Nf6 5. Bg5 h6 6. Bh4 d6 7. Nc3 Bg4 8. Nd5 Nd4 9. c3 Nxf3+ 10. gxf3 Bh5 11. Rg1 c6 12. Nxf6+ gxf6 13. Qe2 Qe7 14. 0-0-0 0-0-0 15. d4 Bb6 16. dxe5 dxe5 17. Rxd8+ Kxd8 18. Qd3+ Kc8 19. Bg3 Rg8 20. Qd2 Bxf3 21. Qxh6 Bxe4 22. Qh3+ Kb8 23. Bxe5+ Ka8 24. Rxg8+ Bd8 25. Qc8# 1-0

[Event "CAN-ch U08"]
[Site "Vancouver"]
[Date "2012.07.05"]
[Round "5"]
[White "Jiang, David"]
[Black "Li, Jack"]
[Result "0-1"]
[WhiteElo "486"]
[BlackElo "698"]
[PlyCount "70"]
[EventDate "2012.07.03"]
[EventType "swiss"]
[EventRounds "7"]
[EventCountry "CAN"]
[SourceTitle "EXT 2022"]
[Source "ChessBase"]
[SourceDate "2021.10.06"]
[SourceVersion "1"]
[SourceVersionDate "2021.10.06"]
[SourceQuality "1"]

1. e4 e5 2. Bc4 Nc6 3. Nf3 Bc5 4. d3 h6 5. Nc3 Nf6 6. h3 d6 7. Nd5 Be6 8. Nxf6+ Qxf6 9. Bxe6 fxe6 10. Be3 Bxe3 11. fxe3 0-0-0 12. Qe2 d5 13. 0-0-0 Rhf8 14. exd5 exd5 15. Rhf1 Rd7 16. Nd4 Qe7 17. Rxf8+ Qxf8 18. Nxc6 bxc6 19. d4 exd4 20. Qa6+ Kd8 21. exd4 Qf2 22. g4 Qe3+ 23. Rd2 Rf7 24. Kd1 Re7 25. Re2 Qxd4+ 26. Qd3 Qxb2 27. Rxe7 Kxe7 28. Qb3 Qxb3 29. axb3 Ke6 30. Ke2 Ke5 31. Kf3 c5 32. Ke3 a5 33. c3 c4 34. bxc4 dxc4 35. Kd2 Kf4 0-1